مكتبة جامعة عجلون الوطنية

فهرس بحث المكتبة

Normal view MARC view
  • Richards,William

Entry Personal Name

Number of records used in: 1

001 - CONTROL NUMBER

  • control field: 6661

003 - CONTROL NUMBER IDENTIFIER

  • control field: JO-AjAnu

005 - DATE AND TIME OF LATEST TRANSACTION

  • control field: 20230606071359.0

008 - FIXED-LENGTH DATA ELEMENTS

  • fixed length control field: 230606|| aca||aabn | a|a d

040 ## - CATALOGING SOURCE

  • Original cataloging agency: JO-AjAnu
  • Transcribing agency: JO-AjAnu

100 ## - HEADING--PERSONAL NAME

  • Personal name: Richards,William

670 ## - SOURCE DATA FOUND

  • Source citation: Work cat.: (JO-AjAnu)3451: Richards,William, author, Cybersecurity and Cyberwar In 2021 For Beginners: Network Topolgies, Protocols, and Strategies. Measures to Secure your Cyber Networks